History Quiz

Random History or Quote Quiz

Unite the Quotes! Quiz Stats

 Plays Quiz Updated Mar 9, 2017

Score 0/18 Timer 06:00
0 Plays Today
% Correct
I hope some day you'll join us and the world will live as one.
95.2%
the sons of former slaves and the sons of former slave owners will be able to sit together at the table of brotherhood.
93.9%
In forming a marital union, two people become something greater than once they were.
84.1%
a contest to be judged better than some and worse than others.
83.3%
what you do are in harmony.
82.3%
the union of two good forgivers.
82.1%
Equal Pay for Equal Work.
81.7%
the winds of the heavens dance between you.
81.6%
a semblance of a decent and humane society is impossible under capitalism.
80.2%
% Correct
a unity of love is.
78.3%
The world will either move forward toward unity and widely shared prosperity - or it will move apart.
77.7%
of expressing a sweet concord of mind to each other is by music.
76.7%
humility as another human being ready to educate an equal who may turn out to be a superior.
71.6%
the essence of citizenship in a free country.
71.1%
If you keep on dividing you end up as a collection of monkeys throwing nuts at each other out of separate trees.
69.7%
It is for us to put ourselves in unison with this order.
66.2%
joining them together in the same feeling.
63.1%
when again touched, as surely they will be, by the better angels of our nature.
49.6%

You're not logged in!

Compare scores with friends on all Sporcle quizzes.
OR
Log In

Show Comments

Extras

Top Quizzes Today


Score Distribution

Your Account Isn't Verified!

In order to create a playlist on Sporcle, you need to verify the email address you used during registration. Go to your Sporcle Settings to finish the process.

Report this User

Report this user for behavior that violates our Community Guidelines.

Details: